| 000 | 00778nam a22001697a 4500 | ||
|---|---|---|---|
| 999 |
_c63365 _d63365 |
||
| 003 | Ge_BSU | ||
| 005 | 20250925154203.0 | ||
| 008 | 250925s1971 ge ||||| |||| 00| 0 geo d | ||
| 041 | _ageo | ||
| 080 | _a330.101.6:338.45(479.22) ბ-89 | ||
| 100 |
_aბოცვაძე, სერგო _925880 |
||
| 245 |
_aშრომის ნაყოფიერების საკითხები ქუთაისის სამრეწველო საწარმოებში / _c სერგო ბოცვაძე. |
||
| 264 |
_aთბილისი : _b საბჭ. საქართველო, _c1971. |
||
| 300 |
_a286 გვ. : _b ილ. ; _c20 სმ. |
||
| 653 | _aშრომის ნაყოფიერება | ||
| 942 |
_2udc _cᲬᲘᲒᲜᲘ |
||